[Event "St Petersburg Summer op"]
[Site "St Petersburg"]
[Date "2016.08.20"]
[Round "4"]
[White "Mestnikov, Aidin"]
[Black "Bezobrazov, Lev"]
[Result "0-1"]
[WhiteElo "1649"]
[BlackElo "1528"]
[PlyCount "92"]
[EventDate "2016.08.17"]
[EventType "swiss"]
[EventRounds "9"]
[EventCountry "RUS"]
[SourceTitle "CBM 174 Extra"]
[Source "ChessBase"]
[SourceDate "2016.10.10"]
[SourceVersion "1"]
[SourceVersionDate "2016.10.10"]
[SourceQuality "1"]

1. d4 Nf6 2. Nf3 g6 3. c4 Bg7 4. Nc3 0-0 5. e4 d6 6. Be2 Nbd7 7. 0-0 e5 8. d5 Ne8 9. Ne1 f5 10. f4 exf4 11. Rxf4 Be5 12. Rf1 Nc5 13. Nd3 Bxc3 14. Nxc5 Bg7 15. Nd3 Qf6 16. Be3 Qh4 17. Rf4 Qe7 18. Qd2 Nf6 19. e5 Ne4 20. exd6 cxd6 21. Qc1 Bd7 22. Nf2 Nxf2 23. Kxf2 g5 24. Rf3 f4 25. Bd2 Bg4 26. Qc2 Bxf3 27. Bxf3 Bd4+ 28. Kf1 Qg7 29. Bb4 Qf6 30. Re1 Be5 31. Be4 h6 32. Bf3 Kg7 33. Bg4 b6 34. Be6 f3 35. g3 Rad8 36. Qa4 a5 37. Ba3 f2 38. Re3 Bd4 39. Rd3 Qe5 40. Qd1 Qe4 41. Bh3 Qh1+ 42. Ke2 Rde8+ 43. Kd2 Re1 44. Qa4 f1Q 45. Bxf1 Qxf1 46. Rxd4 Qe2+ 0-1

[Event "Chigorin Memorial 21st"]
[Site "St Petersburg"]
[Date "2013.10.13"]
[Round "9"]
[White "Bezobrazov, Lev"]
[Black "Tskhadadze, Anna"]
[Result "0-1"]
[WhiteElo "1648"]
[BlackElo "1806"]
[PlyCount "122"]
[EventDate "2013.10.05"]
[EventType "swiss"]
[EventRounds "9"]
[EventCountry "RUS"]
[SourceTitle "CBM 156 Extra"]
[Source "ChessBase"]
[SourceDate "2013.10.22"]
[SourceVersion "1"]
[SourceVersionDate "2013.10.22"]
[SourceQuality "1"]

1. e4 c6 2. Nc3 g6 3. Nf3 Bg7 4. Be2 d6 5. d3 Nf6 6. h3 0-0 7. Bg5 b5 8. a3 a5 9. Qd2 Na6 10. Nd4 Bd7 11. Bf3 Qb6 12. Nde2 b4 13. Nd1 Rab8 14. Be3 c5 15. g4 Bc6 16. h4 d5 17. Bf4 dxe4 18. dxe4 Nxe4 19. Qe3 Nd6 20. Bxd6 exd6 21. Bxc6 Qxc6 22. 0-0 Rfe8 23. Qd2 Qf3 24. Ne3 Be5 25. c3 Qh3 26. f4 Bg7 27. Ng2 Qxg4 28. Rae1 bxa3 29. bxa3 Re6 30. Qd3 Nc7 31. f5 gxf5 32. Rf4 Qg6 33. Rxf5 Re5 34. Ref1 Rxf5 35. Rxf5 c4 36. Qf3 Rb1+ 37. Kf2 Rb5 38. Rf4 Ne6 39. Rxc4 Rf5 40. Ngf4 Qf6 41. Kg2 Nxf4+ 42. Nxf4 h6 43. Qa8+ Kh7 44. Qe4 d5 45. Nxd5 Qg6+ 46. Kh3 Re5 47. Qxg6+ fxg6 48. Rc5 a4 49. c4 Rf5 50. Kg2 g5 51. hxg5 Rxg5+ 52. Kh3 Rh5+ 53. Kg4 Rg5+ 54. Kh4 Re5 55. Rc6 Re1 56. Kh3 Re5 57. Kg4 Re1 58. Ra6 Re4+ 59. Kh5 Rxc4 60. Nb4 Rc5+ 61. Kg4 Bb2 0-1

[Event "Chigorin Memorial 21st"]
[Site "St Petersburg"]
[Date "2013.10.06"]
[Round "2"]
[White "Bezobrazov, Lev"]
[Black "Dushin, Nikolay"]
[Result "0-1"]
[WhiteElo "1648"]
[BlackElo "2006"]
[PlyCount "82"]
[EventDate "2013.10.05"]
[EventType "swiss"]
[EventRounds "9"]
[EventCountry "RUS"]
[SourceTitle "CBM 156 Extra"]
[Source "ChessBase"]
[SourceDate "2013.10.22"]
[SourceVersion "1"]
[SourceVersionDate "2013.10.22"]
[SourceQuality "1"]

1. e4 c5 2. Nf3 a6 3. d4 cxd4 4. Nxd4 Nf6 5. Nc3 e5 6. Nf5 d5 7. Ng3 Bb4 8. exd5 Qxd5 9. Bd2 Qe6 10. Nge4 Nbd7 11. a3 Be7 12. Be2 h6 13. g4 Nc5 14. Nxf6+ Bxf6 15. b4 Qc6 16. Rg1 Ne6 17. Bf3 Qd7 18. Nd5 Bd8 19. Qe2 Nd4 20. Qxe5+ Qe6 21. Qxe6+ fxe6 22. Bd1 exd5 23. c3 Nc6 24. f4 Be6 25. h3 Bb6 26. Rg2 0-0-0 27. f5 Bf7 28. h4 d4 29. Bf3 Rhe8+ 30. Kf1 Bc4+ 31. Be2 Rxe2 32. Rxe2 Re8 33. Rae1 Rxe2 34. Rxe2 dxc3 35. Bxc3 Nd4 36. Bxd4 Bxd4 37. Ke1 Bxe2 38. Kxe2 Bf6 39. h5 b5 40. Kd3 Kd7 41. Kc2 Kd6 0-1

[Event "Chigorin Memorial 20th"]
[Site "St Petersburg"]
[Date "2012.11.03"]
[Round "8"]
[White "Bezobrazov, Lev"]
[Black "Kuvyrshin, Maksim"]
[Result "0-1"]
[WhiteElo "1673"]
[BlackElo "1865"]
[PlyCount "77"]
[EventDate "2012.10.27"]
[EventType "swiss"]
[EventRounds "9"]
[EventCountry "RUS"]
[SourceTitle "EXT 2013"]
[Source "ChessBase"]
[SourceDate "2012.11.22"]
[SourceVersion "1"]
[SourceVersionDate "2012.11.22"]
[SourceQuality "1"]

1. e4 c5 2. Nf3 d6 3. d4 cxd4 4. Nxd4 Nf6 5. Nc3 g6 6. Be3 Bg7 7. f3 0-0 8. Qd2 Nc6 9. Bc4 Bd7 10. 0-0-0 Rb8 11. h4 b5 12. Bb3 Na5 13. Qd3 Nxb3+ 14. cxb3 b4 15. Nce2 a5 16. h5 Nxh5 17. Rxh5 gxh5 18. Rh1 e5 19. Nf5 Bxf5 20. exf5 f6 21. Qd5+ Kh8 22. Ng3 Qc7+ 23. Kb1 Rbc8 24. Rc1 Qd7 25. Rh1 Qc6 26. Qd3 Rf7 27. Rc1 Qd7 28. Rh1 Bf8 29. Nxh5 a4 30. g4 axb3 31. Qxb3 d5 32. Qd3 d4 33. Bd2 Qd5 34. Qe4 Qxe4+ 35. fxe4 Bd6 36. g5 fxg5 37. Bxg5 Be7 38. Bd2 Rg8 39. Re1 0-1

[Event "St Petersburg Spring op"]
[Site "St Petersburg"]
[Date "2011.03.31"]
[Round "9"]
[White "Bezobrazov, Lev"]
[Black "Schekachikhin, Maksim"]
[Result "0-1"]
[WhiteElo "1666"]
[BlackElo "1922"]
[PlyCount "112"]
[EventDate "2011.03.23"]
[EventType "swiss"]
[EventRounds "9"]
[EventCountry "RUS"]
[SourceTitle "CBM 141 Extra"]
[Source "ChessBase"]
[SourceDate "2011.05.03"]
[SourceVersion "1"]
[SourceVersionDate "2011.05.03"]
[SourceQuality "1"]

1. Nf3 Nf6 2. c4 e6 3. g3 b6 4. Bg2 Bb7 5. 0-0 Be7 6. Nc3 0-0 7. d4 Ne4 8. Nxe4 Bxe4 9. d5 Bf6 10. e3 Qe7 11. Qb3 Na6 12. Ne1 Nc5 13. Qd1 exd5 14. f3 Bg6 15. cxd5 c6 16. e4 Qe5 17. Nc2 h6 18. f4 Qc7 19. d6 Qb7 20. e5 Bxc2 21. Qxc2 Bd8 22. b4 Na6 23. a3 b5 24. Bb2 Rc8 25. Be4 f6 26. Qb3+ Kh8 27. e6 dxe6 28. Qxe6 Qf7 29. Qf5 Bb6+ 30. Kh1 g6 31. Qxg6 Qxg6 32. Bxg6 Kg7 33. Bf5 Rcd8 34. Rad1 c5 35. Rfe1 cxb4 36. axb4 Nxb4 37. h4 Bc5 38. d7 a5 39. g4 Bf2 40. Re7+ Rf7 41. Re8 Nc6 42. Rxd8 Nxd8 43. h5 Be3 44. Bc1 Bxc1 45. Rxc1 a4 46. Rb1 Re7 47. Rxb5 a3 48. Ra5 Re3 49. Ra8 Nc6 50. Rc8 a2 51. Ra8 Re1+ 52. Kg2 a1Q 53. Rxa1 Rxa1 54. Kf3 Rd1 55. Ke3 Nb8 56. Ke4 Nxd7 0-1

[Event "St Petersburg Spring op"]
[Site "St Petersburg"]
[Date "2011.03.29"]
[Round "7"]
[White "Bezobrazov, Lev"]
[Black "Timirev, Sergey"]
[Result "1-0"]
[WhiteElo "1666"]
[BlackElo "1886"]
[PlyCount "69"]
[EventDate "2011.03.23"]
[EventType "swiss"]
[EventRounds "9"]
[EventCountry "RUS"]
[SourceTitle "CBM 141 Extra"]
[Source "ChessBase"]
[SourceDate "2011.05.03"]
[SourceVersion "1"]
[SourceVersionDate "2011.05.03"]
[SourceQuality "1"]

1. e4 c5 2. Nf3 Nc6 3. d4 cxd4 4. Nxd4 Nf6 5. Nc3 d6 6. Be2 e6 7. g4 a6 8. g5 Nd7 9. Rg1 Qb6 10. Nb3 Nc5 11. Be3 Qc7 12. Qd2 Be7 13. h4 Bd7 14. f4 b5 15. a3 Nxb3 16. cxb3 Qa5 17. Qd1 h6 18. b4 Qc7 19. h5 hxg5 20. fxg5 Ne5 21. Qd4 f6 22. Rc1 Nc4 23. Bxc4 Qxc4 24. Qd1 Rc8 25. b3 Qc6 26. Nd5 Qb7 27. Rxc8+ Qxc8 28. Nxe7 Kxe7 29. gxf6+ gxf6 30. Rg7+ Kf8 31. h6 Qc6 32. Qd4 e5 33. Qa7 Qc3+ 34. Bd2 Qa1+ 35. Ke2 1-0

[Event "St Petersburg Spring op"]
[Site "St Petersburg"]
[Date "2011.03.24"]
[Round "2"]
[White "Balaian, Alina"]
[Black "Bezobrazov, Lev"]
[Result "1-0"]
[WhiteElo "2158"]
[BlackElo "1666"]
[PlyCount "51"]
[EventDate "2011.03.23"]
[EventType "swiss"]
[EventRounds "9"]
[EventCountry "RUS"]
[SourceTitle "CBM 141 Extra"]
[Source "ChessBase"]
[SourceDate "2011.05.03"]
[SourceVersion "1"]
[SourceVersionDate "2011.05.03"]
[SourceQuality "1"]

1. e4 Nf6 2. e5 Nd5 3. Nc3 c6 4. d4 d6 5. f4 Bf5 6. Nf3 Nb4 7. Bd3 Nxd3+ 8. cxd3 dxe5 9. fxe5 e6 10. 0-0 Be7 11. Be3 0-0 12. Ne4 h6 13. Qd2 Bxe4 14. dxe4 Kh7 15. Rad1 Na6 16. Qd3 g6 17. Qd2 g5 18. a3 f6 19. Qd3 Kg7 20. Qb3 Qc8 21. exf6+ Bxf6 22. d5 exd5 23. exd5 cxd5 24. Rxd5 Rf7 25. Nxg5 hxg5 26. Rxg5+ 1-0

[Event "Chigorin Memorial 18th"]
[Site "St Petersburg"]
[Date "2010.10.29"]
[Round "2"]
[White "Bezobrazov, Lev"]
[Black "Sanzhaev, Darsen"]
[Result "0-1"]
[WhiteElo "1661"]
[BlackElo "2151"]
[PlyCount "50"]
[EventDate "2010.10.28"]
[EventType "swiss"]
[EventRounds "9"]
[EventCountry "RUS"]
[SourceTitle "EXT 2011"]
[Source "ChessBase"]
[SourceDate "2010.11.26"]
[SourceVersion "1"]
[SourceVersionDate "2010.11.26"]
[SourceQuality "1"]

1. e4 c5 2. Nc3 e6 3. g3 d5 4. exd5 exd5 5. Bg2 d4 6. Nd5 Bd6 7. d3 Ne7 8. Ne2 Nxd5 9. Bxd5 0-0 10. 0-0 Nd7 11. Bg2 Nf6 12. Bg5 h6 13. Bd2 Re8 14. h3 Be6 15. b3 Qd7 16. Kh2 Bd5 17. c4 dxc3 18. Nxc3 Bxg2 19. Kxg2 Be5 20. f4 Bxc3 21. Bxc3 Nd5 22. Bd2 Ne3+ 23. Bxe3 Rxe3 24. Rf3 Qd5 25. Kf2 Rxf3+ 0-1

[Event "Tosno Gubernator Cup Lenregion op"]
[Site "Tosno"]
[Date "2009.09.25"]
[Round "3"]
[White "Malinin, Yuri"]
[Black "Bezobrazov, Lev"]
[Result "1-0"]
[WhiteElo "2318"]
[BlackElo "1629"]
[PlyCount "45"]
[EventDate "2009.09.24"]
[EventType "swiss"]
[EventRounds "9"]
[EventCountry "RUS"]
[SourceTitle "EXT 2022"]
[Source "ChessBase"]
[SourceDate "2021.10.06"]
[SourceVersion "1"]
[SourceVersionDate "2021.10.06"]
[SourceQuality "1"]

1. d4 Nf6 2. c4 c6 3. Nc3 d5 4. Nf3 e6 5. Bg5 h6 6. Bh4 Bd6 7. e3 Nbd7 8. Qc2 a6 9. Rd1 b5 10. c5 Bc7 11. Bd3 g5 12. Bg3 Nh5 13. b4 Nxg3 14. hxg3 e5 15. e4 exd4 16. Nxd4 Ne5 17. exd5 Nxd3+ 18. Qxd3 cxd5 19. 0-0 0-0 20. Nc6 Qf6 21. Nxd5 Qe6 22. Rfe1 Qxe1+ 23. Rxe1 1-0